|
|
|
|
| LEADER |
00000cam a2200000 7i4500 |
| 001 |
0000023492 |
| 005 |
20111003.0 |
| 008 |
110930s -uka eng |
| 020 |
|
|
|a 0415400139
|
| 040 |
|
|
|a INS
|
| 090 |
0 |
0 |
|a TH375
|b 56 2006
|
| 100 |
1 |
|
|a Singh, R N
|
| 245 |
1 |
0 |
|a Engineered rock structures in mining and civil construction
|c R.N Singh, A.K Ghose
|
| 260 |
|
|
|a London :
|b Taylor & Francis ,
|c 2006
|
| 300 |
|
|
|a xii, 520p. :
|b ill. ;
|c 24cm.
|
| 500 |
|
|
|a Includes index
|
| 650 |
|
0 |
|a Mining engineering
|
| 650 |
|
0 |
|a Underground construction
|
| 700 |
1 |
|
|a Ghose, A.K
|
| 999 |
|
|
|a 1000000119
|b BOOK
|c Open Shelf
|e Default branch
|